<?xml version="1.0" encoding="UTF-8"?>
<collection xmlns="http://www.loc.gov/MARC21/slim">
 <record>
  <leader>00784pamaa2200193   4500</leader>
  <controlfield tag="001">0000020656</controlfield>
  <controlfield tag="005">20110126090000.0</controlfield>
  <datafield tag="020" ind1="0" ind2="0">
   <subfield code="a">[ nil ] </subfield>
  </datafield>
  <datafield tag="090" ind1="0" ind2="0">
   <subfield code="a">T55.9 </subfield>
   <subfield code="b">LAI 1998</subfield>
  </datafield>
  <datafield tag="100" ind1="1" ind2="0">
   <subfield code="a">LAI MEI YUN </subfield>
  </datafield>
  <datafield tag="245" ind1="1" ind2="0">
   <subfield code="a">Ergonomic design secretarial work table and chair by Lai Mei Yun.  2. Simulation of MRP II for mini torch light by Melissa Tan Chea Ling.  3. Simulation of MRP II for mini racing car by Chin Jeng Feng.  4. MRP II by Lim Choon Hiong.  5. Manufacturingresource planning (MRP II) by Tee Leh Kuan.</subfield>
  </datafield>
  <datafield tag="260" ind1="0" ind2="0">
   <subfield code="a">Nilai: </subfield>
   <subfield code="b">INTI College Malaysia, </subfield>
   <subfield code="c">1998.</subfield>
  </datafield>
  <datafield tag="300" ind1=" " ind2=" ">
   <subfield code="a">Volume I.</subfield>
  </datafield>
  <datafield tag="650" ind1="0" ind2="0">
   <subfield code="a">Project paper </subfield>
  </datafield>
  <datafield tag="650" ind1="0" ind2="0">
   <subfield code="a">Industrial engineering -- </subfield>
   <subfield code="x">Project paper </subfield>
  </datafield>
  <datafield tag="700" ind1="1" ind2="1">
   <subfield code="a">TAN CHEA LING, </subfield>
   <subfield code="h">Melissa </subfield>
  </datafield>
  <datafield tag="700" ind1="1" ind2="1">
   <subfield code="a">CHIN JENG FENG </subfield>
  </datafield>
  <datafield tag="700" ind1="1" ind2="1">
   <subfield code="a">LIM CHOON HIONG </subfield>
  </datafield>
  <datafield tag="700" ind1="1" ind2="1">
   <subfield code="a">TEE LEH KUAN </subfield>
  </datafield>
 </record>
</collection>
